Statistics for Countries With 2 Or More Seperate Coastlines

Click here to take the quiz!

General Stats

  • This quiz has been taken 84 times
    (49 since last reset)
  • The average score is 19 of 30

Answer Stats

Answer% Correct
United States Of America
98%
Canada
91%
France
91%
Russia
88%
Mexico
84%
United Kingdom
84%
Costa Rica
79%
Panama
79%
Spain
79%
China
72%
Colombia
72%
Nicaragua
72%
Egypt
70%
Honduras
70%
Guatemala
67%
Indonesia
67%
Turkey
65%
Malaysia
63%
Saudi Arabia
63%
North Korea
58%
Israel
51%
Thailand
51%
Germany
49%
Oman
42%
United Arab Emirates
37%
Angola
33%
Croatia
33%
Brunei
28%
Senegal
23%
East Timor
21%

Score Distribution

Percentile by Number Answered

Percent of People with Each Score

Your Score History

You have not taken this quiz since the last reset